Normal view
MARC view
- Choles
Entry Materia
001 - NÚMERO DE CONTROL DEL REGISTRO
- campo de control: 23146
003 - IDENTIFICADOR DE NUMERO DE CONTROL
- campo de control: MX-MxUPN
005 - FECHA Y HORA DE LA ÚLTIMA TRANSACCIÓN
- campo de control: 20240918135538.0
008 - DATOS DE LONGITUD FIJA
- campo de control de longitud fija: 240918n||acnnnbabn n ana |d
035 ## - NÚMERO DE CONTROL DEL SISTEMA
- Número de control del sistema: UPN10000023155
040 ## - FUENTE DE LA CATALOGACIÓN
- Lengua de catalogación: spa
- Agencia de transcripción: MX-MxUPN
- Centro catalogador de origen: MX-MxUPN
150 ## - ENCABEZAMIENTO - TEMÁTICO
- Término de materia o nombre geográfico como elemento inicial: Choles
- Subdivisión de materia general: Identidad étnica
670 ## - FUENTE EN LA QUE SE LOCALIZARON DATOS
- Cita de la fuente: LC
- Información localizada: (Chol indians - Ethnic identity)
670 ## - FUENTE EN LA QUE SE LOCALIZARON DATOS
- Cita de la fuente: Autoridades BGTQ, 18 septiembre 32024 :
- Información localizada: (Choles- Identidad étnica)
902 ## - CATALOGADOR
- Catalogador: MCM/220814
- Catalogador: MaríaRobles/180924
